<?xml version="1.0" encoding="UTF-8"?>
<record
    xmlns:xsi="http://www.w3.org/2001/XMLSchema-instance"
    xsi:schemaLocation="http://www.loc.gov/MARC21/slim http://www.loc.gov/standards/marcxml/schema/MARC21slim.xsd"
    xmlns="http://www.loc.gov/MARC21/slim">

  <leader>01852nam a2200325 u 4500</leader>
  <controlfield tag="001">670795</controlfield>
  <controlfield tag="005">20260506091339.0</controlfield>
  <controlfield tag="008">010621e20000202                    spa  </controlfield>
  <datafield tag="020" ind1=" " ind2=" ">
    <subfield code="a">8434480271</subfield>
  </datafield>
  <datafield tag="035" ind1=" " ind2=" ">
    <subfield code="a">670795</subfield>
  </datafield>
  <datafield tag="035" ind1=" " ind2=" ">
    <subfield code="a">(OCoLC)45035780</subfield>
  </datafield>
  <datafield tag="040" ind1=" " ind2=" ">
    <subfield code="c">comduadb</subfield>
  </datafield>
  <datafield tag="041" ind1=" " ind2=" ">
    <subfield code="a">spa</subfield>
  </datafield>
  <datafield tag="082" ind1=" " ind2="4">
    <subfield code="a">546</subfield>
  </datafield>
  <datafield tag="100" ind1="1" ind2="0">
    <subfield code="a">Beyer, Lothar</subfield>
    <subfield code="4">aut</subfield>
    <subfield code="e">aut</subfield>
    <subfield code="9">341669</subfield>
  </datafield>
  <datafield tag="245" ind1="1" ind2="0">
    <subfield code="a">Qu&#xED;mica inorg&#xE1;nica</subfield>
  </datafield>
  <datafield tag="260" ind1=" " ind2=" ">
    <subfield code="a">Barcelona :</subfield>
    <subfield code="b">Editorial Ariel,</subfield>
    <subfield code="c">2000.</subfield>
  </datafield>
  <datafield tag="300" ind1=" " ind2=" ">
    <subfield code="a">493 p&#xE1;ginas</subfield>
  </datafield>
  <datafield tag="505" ind1=" " ind2=" ">
    <subfield code="a">CONTENIDO : Prologo. -- Introducci&#xF3;n. -- Tabla de los elementos, historia de su descubrimiento y denominaci&#xF3;n. -- 1: El sistema peri&#xF3;dico de los elementos. -- 2: Hidr&#xF3;geno. -- 3: Grupo 18: Gases nobles. -- 4: Grupo 17: Hal&#xF3;genos. -- 5: Grupo 16: Calcogenos (O, S, Se, Te, Po). -- 6: Grupo 15: Elementos del grupo del nitr&#xF3;geno. -- 7: Grupo 14: Elementos del grupo de carbono. -- 8: Grupo 13: elementos de grupo del boro. -- 9: Grupo 2. -- 10: grupo 1. -- 11: Qu&#xED;mica comparada de los elementos d y f. -- 12: Qu&#xED;mica de los elementos de los grupos 12 y 11. -- 13: Elementos de transici&#xF3;n. -- Anexo I: Selecci&#xF3;n de temas relacionados son la estructura, enlaces y comportamiento qu&#xED;mico de los compuestos inorg&#xE1;nicos. -- (A.1): Radios i&#xF3;nicos y estructura reticular. -- (A.2): Estructura molecular. -- Hibridaci&#xF3;n. -- (A.3): El estado met&#xE1;lico. -- (A.4): Fuerzas de Van der Waals. -- (A.5): &#xC1;cidos. -- (A.6): Oxidaci&#xF3;n-reducci&#xF3;n. -- &#xCD;ndice de nombres y materias.</subfield>
  </datafield>
  <datafield tag="650" ind1=" " ind2=" ">
    <subfield code="a">Qu&#xED;mica inorg&#xE1;nica</subfield>
    <subfield code="9">42873</subfield>
  </datafield>
  <datafield tag="650" ind1=" " ind2="7">
    <subfield code="a">Tabla peri&#xF3;dica (Qu&#xED;mica)</subfield>
    <subfield code="2">lemb</subfield>
    <subfield code="9">57626</subfield>
  </datafield>
  <datafield tag="650" ind1=" " ind2=" ">
    <subfield code="a">Hidr&#xF3;geno</subfield>
    <subfield code="9">858</subfield>
  </datafield>
  <datafield tag="650" ind1=" " ind2="7">
    <subfield code="a">Gases</subfield>
    <subfield code="2">armarc</subfield>
    <subfield code="9">39053</subfield>
  </datafield>
  <datafield tag="650" ind1=" " ind2=" ">
    <subfield code="a">Hal&#xF3;genos</subfield>
    <subfield code="9">62090</subfield>
  </datafield>
  <datafield tag="650" ind1=" " ind2=" ">
    <subfield code="a">Nitr&#xF3;geno</subfield>
    <subfield code="9">20370</subfield>
  </datafield>
  <datafield tag="650" ind1=" " ind2=" ">
    <subfield code="a">Carbono</subfield>
    <subfield code="9">32492</subfield>
  </datafield>
  <datafield tag="650" ind1=" " ind2=" ">
    <subfield code="a">Metales</subfield>
    <subfield code="9">4793</subfield>
  </datafield>
  <datafield tag="700" ind1="1" ind2="0">
    <subfield code="a">Fernandez Herrero, Vicente</subfield>
    <subfield code="4">aut</subfield>
    <subfield code="e">aut</subfield>
    <subfield code="9">535272</subfield>
  </datafield>
  <datafield tag="942" ind1=" " ind2=" ">
    <subfield code="c">BOOK</subfield>
  </datafield>
  <datafield tag="999" ind1=" " ind2=" ">
    <subfield code="c">203139</subfield>
    <subfield code="d">203139</subfield>
  </datafield>
  <datafield tag="952" ind1=" " ind2=" ">
    <subfield code="0">0</subfield>
    <subfield code="1">0</subfield>
    <subfield code="4">0</subfield>
    <subfield code="7">0</subfield>
    <subfield code="8">GEN</subfield>
    <subfield code="a">BC</subfield>
    <subfield code="b">BC</subfield>
    <subfield code="d">2023-04-23</subfield>
    <subfield code="e">CIS (Corporacion Interuniversitaria de Servicios)</subfield>
    <subfield code="g">106000.00</subfield>
    <subfield code="i">C686256</subfield>
    <subfield code="l">0</subfield>
    <subfield code="o">546 B573</subfield>
    <subfield code="p">61000002006316</subfield>
    <subfield code="r">2023-04-23 00:00:00</subfield>
    <subfield code="t">1</subfield>
    <subfield code="w">2023-04-23</subfield>
    <subfield code="y">BOOK</subfield>
  </datafield>
  <datafield tag="952" ind1=" " ind2=" ">
    <subfield code="0">0</subfield>
    <subfield code="1">0</subfield>
    <subfield code="4">0</subfield>
    <subfield code="7">0</subfield>
    <subfield code="8">GEN</subfield>
    <subfield code="a">BC</subfield>
    <subfield code="b">BC</subfield>
    <subfield code="d">2004-11-29</subfield>
    <subfield code="e">CIS (Corporacion Interuniversitaria de Servicios)</subfield>
    <subfield code="g">14000.00</subfield>
    <subfield code="i">C849509</subfield>
    <subfield code="l">0</subfield>
    <subfield code="o">546 B573 e2</subfield>
    <subfield code="p">0555092</subfield>
    <subfield code="r">2023-04-23 00:00:00</subfield>
    <subfield code="t">2</subfield>
    <subfield code="w">2023-04-23</subfield>
    <subfield code="y">BOOK</subfield>
  </datafield>
  <datafield tag="952" ind1=" " ind2=" ">
    <subfield code="0">0</subfield>
    <subfield code="1">0</subfield>
    <subfield code="4">0</subfield>
    <subfield code="7">0</subfield>
    <subfield code="8">GEN</subfield>
    <subfield code="a">BC</subfield>
    <subfield code="b">BC</subfield>
    <subfield code="d">2004-11-29</subfield>
    <subfield code="e">CIS (Corporacion Interuniversitaria de Servicios)</subfield>
    <subfield code="g">14000.00</subfield>
    <subfield code="i">C849512</subfield>
    <subfield code="l">0</subfield>
    <subfield code="o">546 B573 e3</subfield>
    <subfield code="p">0555094</subfield>
    <subfield code="r">2026-02-24 18:00:34</subfield>
    <subfield code="t">3</subfield>
    <subfield code="w">2023-04-23</subfield>
    <subfield code="y">BOOK</subfield>
  </datafield>
  <datafield tag="952" ind1=" " ind2=" ">
    <subfield code="0">0</subfield>
    <subfield code="1">0</subfield>
    <subfield code="4">0</subfield>
    <subfield code="7">0</subfield>
    <subfield code="8">GEN</subfield>
    <subfield code="a">BC</subfield>
    <subfield code="b">BC</subfield>
    <subfield code="d">2005-09-23</subfield>
    <subfield code="e">Al Pie de la Letra</subfield>
    <subfield code="g">16200.00</subfield>
    <subfield code="i">C882587</subfield>
    <subfield code="l">0</subfield>
    <subfield code="o">546 B573 e5</subfield>
    <subfield code="p">0567449</subfield>
    <subfield code="r">2023-04-23 00:00:00</subfield>
    <subfield code="t">5</subfield>
    <subfield code="w">2023-04-23</subfield>
    <subfield code="y">BOOK</subfield>
  </datafield>
</record>
